Ensayos

Salvato in:
Dettagli Bibliografici
Altri autori: Vaïsse, Emilio (Emeth, Omer) (autor)
Natura: Libro
Lingua:spagnolo
Pubblicazione: Santiago Del Pacífico 1952
Serie:Colección de Autores Chilenos, 1
Soggetti:
Tags: Aggiungi Tag
Nessun Tag, puoi essere il primo ad aggiungerne!!

MARC

LEADER 00000nam a2200000 a 4500
001 UCW8176
003 CL-VaPUC
008 880622e19520000CL |||||||||||||||||spa|d
082 0 4 |a Ch864  |b MED  |2 21 
700 |a Vaïsse, Emilio  |q (Emeth, Omer)  |e autor  |9 877928 
245 1 0 |a Ensayos 
300 |a 140 p 
942 |c BK 
945 |d 19880622 00:00:00 
260 |a Santiago  |b Del Pacífico  |c 1952 
650 0 |a Ensayos chilenos   |9 269132 
583 |a last modification  |c 19880622 00:00:00  |k Rodrigo Vera 
490 0 |a Colección de Autores Chilenos, 1 
999 |c 220635  |d 220633 
952 |0 0  |1 0  |4 0  |6 CH_864_000000000000000_MED_1952  |7 0  |8 A  |9 213115  |a BIBEDU  |b BIBEDU  |d 2019-11-15  |i 1447904  |o Ch864 MED 1952  |p 1447904  |r 2019-11-15  |w 2019-11-15  |y BK  |k LIT 
952 |0 0  |1 0  |4 0  |6 CH_864_000000000000000_MED_1952  |7 0  |8 A  |9 213116  |a BIBEDU  |b BIBEDU  |d 2019-11-15  |i 1453602  |o Ch864 MED 1952  |p 1453602  |r 2019-11-15  |w 2019-11-15  |y BK  |k LIT 
952 |0 0  |1 0  |4 0  |6 CH_864_000000000000000_MED_1952  |7 0  |8 A  |9 213117  |a BIBHIS  |b BIBHIS  |d 2019-11-15  |i 1255010  |o Ch864 MED 1952  |p 1255010  |r 2025-01-20  |w 2019-11-15  |y BK  |k HIS 
952 |0 0  |1 0  |4 0  |6 CH_864_000000000000000_MED_1952  |7 0  |8 A  |9 213118  |a BIBHIS  |b BIBHIS  |d 2019-11-15  |i 1255029  |o Ch864 MED 1952  |p 1255029  |r 2025-01-20  |w 2019-11-15  |y BK  |k HIS